[Event "11th LCC FIDE Open 2019"]
[Site "London"]
[Date "2019.12.03"]
[Round "6.3"]
[White "Smirnov, Anton"]
[Black "Gormally, Daniel W"]
[Result "1-0"]
[WhiteElo "2573"]
[BlackElo "2491"]
[Annotator "TA"]
[PlyCount "74"]
[EventDate "2019.11.29"]
[EventType "swiss"]
[EventCountry "ENG"]
[SourceTitle "playchess.com"]
[Source "ChessBase"]
[SourceQuality "1"]

{[%evp 13,74,11,31,2,0,2,6,8,11,4,23,27,30,32,28,20,17,16,57,34,89,63,48,43,56,61,66,71,80,66,85,82,75,75,82,75,77,76,96,79,62,25,66,87,188,188,183,177,176,153,185,196,176,195,206,202,288,257,268,265,267,265,467]} 1. e4 c5 2. Nf3 d6 3. d4 cxd4 4. Nxd4 Nf6 5. Nc3 a6 6. Be3 e6 7. Qf3 Nbd7 8. Be2 {B80: Sicilian Scheveningen: 6 g3 and 6 Be3, including English Attack} (8. O-O-O h5 9. h4 Qc7 10. Qg3 Ne5 11. f3 Bd7 12. Kb1 b5 13. a3 Rb8 14. f4 Neg4 15. Bc1 b4 16. axb4 Rxb4 {0-1 (47) Ponkratov,P (2613)-Moranda,W (2593) Katowice 2017}) 8... Qc7 9. a4 b6 10. Qg3 {The position is equal.} Bb7 11. f3 Be7 12. Qxg7 Rg8 13. Qh6 Rxg2 14. Qh3 $146 ({Predecessor:} 14. O-O-O Rg6 {½-½ (69) Simkin,A (2108)-Popov,A ICCF email 2010}) 14... Rg6 15. O-O-O Nc5 16. Kb1 $1 $36 {[%mdl 2048] White fights for an advantage.} O-O-O (16... Rc8 $1 $14) 17. Nb3 Kb8 18. Qf1 Qc6 19. a5 b5 20. e5 Nd5 21. Nxd5 exd5 22. exd6 Bxd6 23. Bd3 Nxd3 24. Qxd3 Re8 25. Qd4 Rg2 26. Rd2 Rxd2 27. Bxd2 Qc4 28. Qf6 Be5 (28... Qc7 $16) 29. Qxf7 $18 Rc8 30. Qxh7 d4 31. Re1 Bd6 32. f4 Bd5 {[#] aiming for ...d3!} 33. Nc1 $1 b4 34. b3 Qb5 (34... Qc5 $142 35. Qd3 Bc6 36. Qxa6 Be4) 35. Qd3 {White has a decisive advantage.} Qxa5 36. Qxd4 Qb5 37. Be3 {[%csl Ge3][%cal Rd4a7] [#]} Kc7 $2 {Accuracy: White = 94%, Black = 49%.} (37... Rc7 38. Re2 Qc6) 1-0

[Event "11th LCC FIDE Open 2019"]
[Site "London"]
[Date "2019.12.03"]
[Round "6.4"]
[White "Moussard, Jules"]
[Black "Cherniaev, Alexander"]
[Result "1-0"]
[WhiteElo "2600"]
[BlackElo "2428"]
[Annotator "TA"]
[PlyCount "61"]
[EventDate "2019.11.29"]
[EventType "swiss"]
[EventCountry "ENG"]
[SourceTitle "playchess.com"]
[Source "ChessBase"]
[SourceQuality "1"]

{[%evp 11,61,23,22,20,29,9,34,29,36,33,35,33,32,20,37,40,37,37,34,24,13,0,20,0,0,0,0,0,31,0,0,-40,109,114,154,111,415,419,472,477,460,455,466,458,448,443,434,306,297,0,284,270]} 1. e4 c5 2. Nf3 Nc6 3. Bb5 e6 4. O-O Nge7 5. Re1 Nd4 6. Nxd4 cxd4 7. d3 {B30: Sicilian: 2...Nc6 3 Bb5, lines without ...g6} a6 8. Ba4 b5 9. Bb3 {White is slightly better.} Bb7 10. Nd2 Nc6 11. Qg4 (11. Nf3 Qc7 12. Bd2 h6 13. c3 Bc5 14. Rc1 Qb6 15. cxd4 Nxd4 {½-½ (43) Gonzalez Vidal,Y (2567)-Adhiban,B (2701) Havana 2019}) 11... h5 12. Qe2 Bc5 $146 ({Predecessor:} 12... Qc7 13. a4 Bd6 14. Nf3 f6 {½-½ (48) Iordachescu,V (2581)-Sebenik,M (2528) Reykjavik 2015}) 13. Nf3 Qb6 14. Bd2 f6 15. c3 g5 16. Rac1 g4 17. Nxd4 Nxd4 18. cxd4 Bxd4 19. Bf4 Ke7 20. Bc7 $36 {[%mdl 2048] Black is under pressure.} Qa7 21. e5 fxe5 (21... Raf8 $1 $15 22. Rf1 Ke8) 22. Bxe5 $16 Rhf8 23. Bg3 Qb6 $2 {[%mdl 8192] [#]} (23... Rf6 $16) 24. Bxe6 $1 $18 {[%mdl 512]} dxe6 (24... Qxe6 25. Qd2) 25. Rc7+ Kd8 {[#] And now ...Rxf2! would win.} 26. Rxb7 $1 {[%mdl 512]} Qxb7 27. Qxe6 {White threatens Qd6+! and mate.} Bc5 {[#] White must now prevent ...Qf7.} 28. Re5 $1 {[%csl LRc5,LRh5][%cal Re5c5][%mdl 512]} Be7 29. Rd5+ Ke8 {Black wants to play ...Rc8.} 30. Qg6+ {[%mdl 64] Double Attack} Rf7 31. Rf5 {Accuracy: White = 80%, Black = 35%.} ({Not} 31. Rxh5 Rc8 $11) 1-0

[Event "11th LCC FIDE Open 2019"]
[Site "London"]
[Date "2019.12.03"]
[Round "6.5"]
[White "Bates, Richard A"]
[Black "Maze, Sebastien"]
[Result "1/2-1/2"]
[WhiteElo "2342"]
[BlackElo "2541"]
[Annotator "TA"]
[PlyCount "90"]
[EventDate "2019.11.29"]
[EventType "swiss"]
[EventCountry "ENG"]
[SourceTitle "playchess.com"]
[Source "ChessBase"]
[SourceQuality "1"]

{[%evp 18,90,33,0,8,0,13,-21,-32,-22,-19,-22,25,10,32,20,16,25,29,26,36,7,9,1,12,12,12,21,9,9,68,25,38,42,81,93,95,100,97,91,117,98,114,95,96,57,59,51,45,31,37,12,26,24,28,30,32,0,6,0,0,0,0,0,11,0,28,0,0,0,0,0,0,0,14]} 1. d4 Nf6 2. Nf3 g6 3. g3 Bg7 4. c4 O-O 5. Bg2 d6 6. O-O Nbd7 7. Nc3 e5 8. e4 c6 9. Rb1 a6 10. h3 b5 {E68: King's Indian: Fianchetto: 6...Nbd7 7 0-0 e5 8 e4} 11. cxb5 cxb5 12. b4 (12. a3 Bb7 13. d5 Rc8 14. Be3 Nb6 15. Nd2 Nfd7 16. Qe2 Nc5 17. Rbc1 Qd7 18. b4 {1-0 (43) Ehlvest,J (2626)-Radjabov,T (2567) Moscow 2001}) 12... Bb7 13. Re1 $146 ({Predecessor:} 13. dxe5 dxe5 14. Bg5 Qe7 15. Qb3 h6 16. Bxf6 Nxf6 17. Nd5 Nxd5 18. exd5 {0-1 (58) Thuerauf,P (1885)-Guttenthaler,F (2026) Fuerth 2000}) 13... Rc8 14. Bb2 Re8 15. d5 Nb6 16. a4 bxa4 17. Nxa4 Bh6 18. Bf1 Re7 19. Ba3 Nxa4 20. Qxa4 Rc3 21. Rb3 Rec7 {White must now prevent ...Nxe4!} 22. Bb2 Rxb3 23. Qxb3 Qa8 (23... Rc8 $11) 24. Qd3 (24. Nxe5 $5 dxe5 25. Bxe5 $14 {[%mdl 64] Double Attack}) 24... Qe8 25. Nd2 Bxd2 26. Qxd2 Qc8 {[#] aiming for ...Rc2.} 27. Qe3 Rc2 28. Rb1 Qd7 29. Bd3 Rc7 30. Qg5 Ne8 31. Rc1 Bc8 32. Bf1 f6 33. Rxc7 (33. Qe3 {feels hotter.} Rxc1 34. Bxc1 Qb7 35. Bd2 Bd7 36. Kh2) 33... Qxc7 34. Qc1 Qb7 35. Qc4 Nc7 36. Bc1 Bd7 37. Be3 Bb5 38. Qc3 Bxf1 39. Kxf1 Kf7 40. Kg2 Ke7 41. f4 Kd7 42. fxe5 fxe5 {The position is equal.} 43. Qc4 Qb5 44. Qxb5+ Nxb5 45. Kf3 Ke7 {Accuracy: White = 56%, Black = 53%.} 1/2-1/2

[Event "11th LCC FIDE Open 2019"]
[Site "London"]
[Date "2019.12.03"]
[Round "6.6"]
[White "Grover, Sahaj"]
[Black "Gschnitzer, Adrian"]
[Result "1/2-1/2"]
[WhiteElo "2508"]
[BlackElo "2422"]
[Annotator "TA"]
[PlyCount "92"]
[EventDate "2019.11.29"]
[EventType "swiss"]
[EventCountry "ENG"]
[SourceTitle "playchess.com"]
[Source "ChessBase"]
[SourceQuality "1"]

{[%evp 9,92,17,39,-22,38,39,73,60,60,60,59,61,61,61,61,58,66,59,60,53,62,51,60,23,27,-4,0,0,13,5,0,-28,-22,-56,-46,-47,-50,-81,-83,-83,-62,-83,-54,-86,-86,-93,-108,-100,-102,-101,0,-72,0,-95,-89,-97,-97,-106,-27,-19,-10,-19,-8,-8,0,0,8,13,8,8,15,14,3,0,0,0,6,0,0,0,0,0,0,0,8]} 1. e4 c6 2. d4 d5 3. e5 c5 4. dxc5 e6 5. Be3 Nh6 6. f4 {B12: Caro-Kann: Advance Variation} ({Better is} 6. Nf3 $14) (6. c3 Nd7 7. Bb5 Qc7 8. Nf3 Bxc5 9. Bxc5 Qxc5 10. Qe2 O-O 11. O-O f6 12. exf6 Rxf6 13. Nbd2 Qb6 {0-1 (63) Zanan,E (2528)-Boruchovsky,A (2525) Israel 2019}) 6... Nc6 (6... Nd7 $11) 7. Nf3 Nf5 8. Bf2 {White is better.} Qa5+ 9. Qd2 Bxc5 10. Qxa5 Bxf2+ 11. Kxf2 Nxa5 12. Bd3 $146 ({Predecessor:} 12. Na3 a6 13. c4 dxc4 14. Nxc4 Nxc4 15. Bxc4 {½-½ (50) Thet,S-Knors,R (2078) Condom 2005}) 12... Ne7 13. Nbd2 Bd7 14. Nb3 b6 15. Nxa5 bxa5 16. Nd4 Rb8 17. Nb3 Bb5 18. Rab1 Nc6 19. Bxb5 Rxb5 20. Rhd1 Ke7 21. c3 Rhb8 {Hoping for ...a4.} 22. Rd2 a4 23. Nd4 Nxd4 24. cxd4 $17 {[%mdl 4096] Endgame KRR-KRR} Kd7 25. Ke3 a5 {[%cal Ba7a5,Ba5a4][%mdl 32]} 26. Kd3 {[#]} a3 $1 {[%mdl 512]} 27. b3 {[#]} (27. bxa3 Rxb1) 27... a4 $1 {[%cal Ra4b3][%mdl 512]} 28. Kc2 (28. bxa4 Rxb1) 28... Rc8+ 29. Kd3 Rcb8 {[%cal Ra4b3]} 30. Kc2 $1 Rc8+ 31. Kd3 Rb4 32. Rdd1 axb3 33. axb3 a2 (33... Ra8 $17 {White must now prevent ...a2.} 34. Kc3 Rb6) 34. Rb2 $11 {[#]} Rcc4 $1 {[%mdl 512] The position is equal.} 35. Rxa2 (35. bxc4 Rxb2) 35... Rxd4+ 36. Kc3 Rxd1 37. Kxb4 {KR-KR} Rd4+ 38. Kc5 Rxf4 39. Ra7+ Kc8 40. Kc6 {[%cal Ra7a8]} Kb8 41. Rb7+ Kc8 42. Ra7 {[%cal Ra7a8]} Kb8 $132 {[%mdl 2048] Black puts up resistance} 43. Rb7+ Kc8 44. Re7 {[%cal Re7e8]} Kd8 45. Rd7+ Kc8 46. Ra7 {[%cal Ra7a8]} Kb8 {Accuracy: White = 54%, Black = 55%.} 1/2-1/2

[Event "11th LCC FIDE Open 2019"]
[Site "London"]
[Date "2019.12.03"]
[Round "6.7"]
[White "Song, Raymond"]
[Black "McDonald, Neil R"]
[Result "1-0"]
[WhiteElo "2468"]
[BlackElo "2412"]
[Annotator "TA"]
[PlyCount "111"]
[EventDate "2019.11.29"]
[EventType "swiss"]
[EventCountry "ENG"]
[SourceTitle "playchess.com"]
[Source "ChessBase"]
[SourceQuality "1"]

{[%evp 20,111,13,13,18,25,20,24,25,10,21,21,18,20,25,7,10,8,29,7,2,0,12,1,19,10,22,27,23,20,37,30,25,0,0,-82,-82,-114,-93,-181,-189,-159,-202,-193,6,73,93,87,110,105,234,237,216,202,365,349,535,547,523,516,747,747,747,747,747,747,731,698,1006,1001,980,968,908,879,1332,1287,1127,1304,467,1349,1321,1324,1288,1278,1222,1162,1230,1633,1598,1620,1868,1942,3697,3250]} 1. d4 d5 2. c4 e6 3. Nf3 Nf6 4. g3 Be7 5. Bg2 O-O 6. O-O dxc4 7. Qc2 a6 8. a4 Bd7 9. Qxc4 Bc6 10. Bg5 a5 11. Nc3 Nbd7 {E05: Open Catalan: 5 Nf3 Be7} 12. Rfd1 (12. Rfe1 Bd5 13. Qd3 Bxf3 14. Qxf3 c6 15. e4 h6 16. Be3 Bb4 17. Red1 Qe7 18. e5 Nd5 19. Nxd5 exd5 {0-1 (48) Ding,L (2805)-Yu,Y (2738) Stavanger 2019}) 12... h6 13. Bxf6 Nxf6 {White has an edge.} 14. Rac1 Bb4 15. Ne5 Bxg2 16. Kxg2 c6 17. Nd3 Qe7 18. e3 Rfd8 19. Qb3 b6 $146 ({Predecessor:} 19... h5) 20. Na2 {[%cal Ra2b4]} c5 21. Naxb4 {And now Nc6 would win.} cxb4 22. Qc4 Qb7+ 23. Qc6 Qa6 24. Ne5 Nd5 25. Qc4 Qb7 {( -> ...Nf4+!)} 26. Kg1 Rac8 27. Nc6 (27. Qb5 $11 {remains equal.}) 27... Rd7 $17 28. Qb5 Rdc7 {[%cal Rc7c6]} 29. Nxa5 Rxc1 30. Nxb7 Rxd1+ 31. Kg2 {[#] aiming for Nd6.} Rd2 $2 (31... Rc2 $1 $19 {White must now prevent ...Rdd2!} 32. Nd6 Kh7) 32. Nd6 $1 $36 {[%cal Rd6c8][%mdl 2048] White is really pushing.} Rd8 33. Nc4 $1 {[%csl LRb6,LRd2]} Rc2 34. b3 (34. Nxb6 $2 Nxe3+ 35. Kf3 Nd1 $19) 34... f5 (34... Rf8 $16 {keeps fighting.}) 35. h4 $18 Kh7 36. h5 Rf8 $2 (36... Kh8 37. Kf3 Rf8) 37. Qd7 ({Worse is} 37. Nxb6 Nxe3+ 38. Kg1 Rc1+ 39. Kh2 Ng4+ 40. Kg2 Rc2 $11) 37... Nf6 {[#]} (37... Rf6 {was worth a try.} 38. Nd6 Rc7) 38. Qe7 $1 {[%cal Re7f8] White is clearly winning.} Re8 39. Qf7 Kh8 40. Nd6 Rd8 41. Qxe6 {Threatens to win with Nf7+.} Rxd6 42. Qxd6 {[%mdl 64] Double Attack} Rxf2+ {[%mdl 4096] Endgame KQ-KRN} 43. Kg1 Ne4 44. Qxb4 Rf3 45. Qxb6 Rxg3+ 46. Kf1 Rf3+ 47. Ke2 Rf2+ 48. Kd3 Rd2+ 49. Kc4 Rc2+ 50. Kb4 Nf6 51. Qd8+ Kh7 52. a5 {[%cal Ba4a5,Ba5a6][%mdl 32]} Rc6 53. Kb5 Rc3 54. b4 Rxe3 55. a6 Ra3 56. Qc8 {Accuracy: White = 78%, Black = 40%.} 1-0

[Event "11th LCC FIDE Open 2019"]
[Site "London"]
[Date "2019.12.03"]
[Round "6.8"]
[White "Czerw, Dawid"]
[Black "Flear, Glenn C"]
[Result "0-1"]
[WhiteElo "2255"]
[BlackElo "2463"]
[Annotator "RC"]
[PlyCount "100"]
[EventDate "2019.11.29"]
[EventType "swiss"]
[EventCountry "ENG"]
[SourceTitle "playchess.com"]
[Source "ChessBase"]
[SourceQuality "1"]
[TimeControl "40/5400+30:1800+30"]

1. d4 {[%emt 0:00:00]} Nf6 {[%emt 0:00:00]} 2. c4 {[%emt 0:00:00]} e6 {[%emt 0:00:01]} 3. Nf3 {[%emt 0:00:00]} d5 {[%emt 0:00:31]} 4. g3 {[%emt 0:00:00]} dxc4 {[%emt 0:13:02]} 5. Bg2 {[%emt 0:00:32]} Bd7 {[%emt 0:00:20]} 6. Ne5 {[%emt 0:02:42]} Bc6 {[%emt 0:01:45]} 7. Nxc6 {[%emt 0:03:11]} Nxc6 {[%emt 0:00:06]} 8. Bxc6+ {[%emt 0:08:15]} bxc6 {[%emt 0:00:24]} 9. O-O {[%emt 0:00:56]} c5 {[%emt 0:04:34]} 10. Qa4+ {[%emt 0:26:26]} Qd7 {[%emt 0:00:50]} 11. Qxc4 {[%emt 0:01:52]} cxd4 {[%emt 0:03:57]} 12. Rd1 {[%emt 0:06:13]} c5 {[%emt 0:01:37]} 13. e3 {[%emt 0:01:21]} Rc8 {[%emt 0:02:38]} 14. Na3 {[%emt 0:02:24]} e5 {[%emt 0:04:58]} 15. exd4 {[%emt 0:06:28]} cxd4 {[%emt 0:04:04]} 16. Qe2 {[%emt 0:00:10]} Bxa3 {[%emt 0:03:45]} 17. bxa3 {[%emt 0:00:36]} Qd5 {[%emt 0:02:15]} 18. Bb2 {[%emt 0:18:04]} O-O {[%emt 0:00:49]} 19. f4 {[%emt 0:00:06]} Nd7 {[%emt 0:12:19]} 20. fxe5 {[%emt 0:01:32]} Nxe5 {[%emt 0:00:06]} 21. Rf1 {[%emt 0:01:19]} f6 {[%emt 0:01:15]} 22. Rad1 {[%emt 0:04:48]} Rc4 {[%emt 0:03:12]} 23. Rf4 {[%emt 0:03:43]} d3 {[%emt 0:06:47]} 24. Qg2 {[%emt 0:00:33]} Qxg2+ {[%emt 0:02:55]} 25. Kxg2 {[%emt 0:00:03]} Rc2+ {[%emt 0:00:26]} 26. Rf2 {[%emt 0:00:03]} Ng4 {[%emt 0:00:45]} 27. Rxc2 {[%emt 0:00:31]} dxc2 {[%emt 0:00:22]} 28. Rd4 {[%emt 0:07:19]} Rb8 {[%emt 0:02:09]} 29. Bc1 {[%emt 0:00:21]} Ne5 {[%emt 0:00:26]} 30. Rd2 {[%emt 0:00:26]} Rc8 {[%emt 0:00:43]} 31. Kf2 {[%emt 0:00:29]} Kf7 {[%emt 0:04:23]} 32. Ke2 {[%emt 0:00:32]} Ke6 {[%emt 0:00:44]} 33. Rd4 {[%emt 0:00:24]} h5 {[%emt 0:03:47]} 34. Ra4 {[%emt 0:01:48]} Rd8 {[%emt 0:01:06]} 35. Rxa7 {[%emt 0:00:51]} Rd1 {[%emt 0:01:39]} 36. Rxg7 {[%emt 0:00:52]} Rxc1 {[%emt 0:02:56]} 37. Kd2 {[%emt 0:00:02]} Ra1 {[%emt 0:03:41]} 38. Kxc2 {[%emt 0:00:02]} Rxa2+ {[%emt 0:00:06]} 39. Kb3 {[%emt 0:00:06]} Rxh2 {[%emt 0:00:03]} 40. a4 {[%emt 0:00:06]} Rg2 {[%emt 0:02:52]} 41. a5 {[%emt 0:30:25]} h4 {[%emt 0:31:08]} 42. a6 {[%emt 0:00:54]} Rxg3+ {[%emt 0:03:03]} 43. Rxg3 {[%emt 0:00:32]} hxg3 {[%emt 0:00:04]} 44. a7 {[%emt 0:00:06]} g2 {[%emt 0:00:06]} 45. a8=Q {[%emt 0:00:09]} g1=Q {[%emt 0:00:07]} 46. Qc8+ {[%emt 0:03:21]} Kf7 {[%emt 0:01:09]} 47. Qc7+ {[%emt 0:00:23]} Kg6 {[%emt 0:00:14]} 48. Qc2+ {[%emt 0:00:06]} Kg5 {[%emt 0:02:14]} 49. Qd2+ {[%emt 0:00:06]} Kf5 {[%emt 0:00:34]} 50. Qc2+ {[%emt 0:00:05]} Kf4 {[%emt 0:00:19]} 0-1

[Event "11th LCC FIDE Open 2019"]
[Site "London"]
[Date "2019.12.03"]
[Round "6.9"]
[White "Arkell, Keith C"]
[Black "Vaishali, R."]
[Result "1/2-1/2"]
[WhiteElo "2445"]
[BlackElo "2376"]
[Annotator "TA"]
[PlyCount "98"]
[EventDate "2019.11.29"]
[EventType "swiss"]
[EventCountry "ENG"]
[SourceTitle "playchess.com"]
[Source "ChessBase"]
[SourceQuality "1"]

{[%evp 21,98,-6,18,18,14,0,23,8,18,0,0,0,0,-4,6,-33,-42,-37,-35,-44,-50,-28,-26,-23,-31,-30,-32,-27,-20,-23,-29,-24,-28,-22,-12,-12,-12,-12,-12,-12,-12,-12,-12,-12,0,-9,-8,-6,-7,-48,-56,-41,-4,-5,0,0,0,0,0,0,0,-9,-18,-40,-5,-11,-15,-15,0,0,0,0,0,0,0,0,0,0,0]} 1. d4 Nf6 2. Nf3 g6 3. c4 Bg7 4. Nc3 d5 5. cxd5 Nxd5 6. g3 O-O 7. Bg2 Nb6 8. O-O Nc6 9. e3 e5 10. Nxe5 Nxe5 11. dxe5 Bxe5 12. Qc2 {D76: Fianchetto Grünfeld: Main Line with 7...Nb6} c6 13. b3 Qe7 (13... Nd5 14. Nxd5 Bxa1 15. Ba3 Bf6 16. Nxf6+ Qxf6 17. Bxf8 Kxf8 {0-1 (46) Usmanov,V (2463)-Timofeev,A (2549) Sochi 2017}) 14. Bb2 {White has an edge.} Rd8 15. Rac1 $146 ({Predecessor:} 15. h3 Be6 16. Rfd1 Rxd1+ 17. Rxd1 Rd8 18. Rxd8+ Qxd8 19. Ne4 Bxb2 20. Qxb2 {0-1 (40) Villalobos,R-Semerene Indriago,D Barquisimeto 2001}) 15... a5 16. Rfd1 Bg4 17. f3 Be6 18. Ne4 Bf5 19. Bxe5 Qxe5 20. Qc3 Qxc3 21. Nxc3 Rxd1+ 22. Rxd1 a4 23. b4 a3 24. e4 Be6 {Hoping for ...Na4.} 25. Rd3 Na4 {[#] ...Nxc3 is the strong threat.} 26. Nb1 $1 Bxa2 27. Nxa3 Nb2 28. Rd2 Nc4 29. Nxc4 Bxc4 $11 {[%mdl 4096] Endgame KRB-KRB} 30. Kf2 Ra3 31. Rc2 Bb5 32. Rb2 f6 33. f4 Kf7 34. Bh3 Bd3 35. e5 fxe5 36. fxe5 Bf5 37. Bg2 Ke6 38. b5 Rc3 39. Bxc6 b6 $1 ({Of course not} 39... bxc6 $6 40. b6 $16) 40. Rb4 Kxe5 41. g4 Bd3 42. h4 Rc4 43. Rb3 {The position is equal.} Be4 44. Bxe4 $1 Kxe4 {KR-KR} 45. Kg3 Rd4 46. Rb1 Rd3+ 47. Kg2 Rd2+ 48. Kg3 Rd3+ 49. Kg2 Rd2+ {Accuracy: White = 67%, Black = 65%.} 1/2-1/2

[Event "11th LCC FIDE Open 2019"]
[Site "London"]
[Date "2019.12.03"]
[Round "6.10"]
[White "Hebden, Mark L"]
[Black "Beinoras, Mindaugas"]
[Result "1-0"]
[WhiteElo "2436"]
[BlackElo "2350"]
[Annotator "TA"]
[PlyCount "125"]
[EventDate "2019.11.29"]
[EventType "swiss"]
[EventCountry "ENG"]
[SourceTitle "playchess.com"]
[Source "ChessBase"]
[SourceQuality "1"]

{[%evp 9,125,-48,-38,-71,-48,-45,32,20,12,0,33,-10,0,0,0,-11,-9,0,14,29,14,20,26,-16,56,12,20,20,60,68,116,135,153,110,103,102,117,90,112,75,122,115,88,75,69,20,125,107,148,134,207,212,222,228,224,206,340,331,356,308,380,392,374,366,366,374,365,371,357,231,214,230,231,222,230,230,342,139,196,213,230,230,230,230,230,230,230,230,230,230,230,230,230,140,158,23,29969,29969,29971,29972,29972,29972,29972,29974,29973,29975,29974,29975,29974,29976,29976,29977,29978,29977,29978,29975,29980,29981]} 1. d4 d5 2. Nc3 c5 3. e4 dxe4 4. d5 Nf6 5. Bf4 a6 (5... g6 6. Nb5 Na6 7. d6 Be6 8. c3 Bg7 9. dxe7 Qxd1+ 10. Rxd1 Kxe7 {½-½ (94) Bauer,C (2647)-Postny,E (2630) Nancy 2019}) 6. Qe2 {D00: 1 d4 d5: Unusual lines} g6 $1 ({Reject} 6... Nxd5 $6 7. O-O-O $14) 7. O-O-O Bg4 (7... Bg7 $15) 8. f3 $14 {White is slightly better.} exf3 9. gxf3 Bf5 (9... Bh5 {is more complex.} 10. Qe3 Nbd7 11. Bh3 Bg7 12. Nge2 O-O) 10. Qe3 Bg7 $146 ({Predecessor:} 10... Nbd7) 11. Nge2 Nh5 $1 12. Be5 Bxe5 13. Qxe5 f6 14. Qe3 Qd6 $1 15. Ng3 Qf4 $1 {[%cal Rf4e3]} 16. Re1 Nd7 (16... Qxe3+ $1 $11 17. Rxe3 Nf4) 17. Nxf5 (17. Nxh5 {feels hotter.} Qxe3+ 18. Rxe3 gxh5 19. d6 e6 20. Bd3) 17... gxf5 18. Bh3 Qxe3+ 19. Rxe3 Ng7 20. Rg1 Rg8 21. Bxf5 {Threatens to win with Be6.} Nf8 22. Re2 Kf7 23. Reg2 Rd8 24. a4 $36 {[%mdl 2048] White is on the roll.} b6 25. Bd3 Ng6 26. Bxa6 Nf5 27. Re1 Ne5 (27... Nd4 $11 {keeps the balance.}) 28. Rf2 $1 $16 Rg7 29. f4 Ng4 (29... Ng6 $16 {might work better.} 30. Bc4 Nd6) 30. Rfe2 $18 Kf8 31. Nb5 Nd4 32. Rg2 {Strongly threatening Nxd4.} ({But not} 32. Nxd4 $6 cxd4 33. Re6 Ne3 $16) 32... Nxb5 (32... Rxd5 {was worth a try.} 33. h3 Nf3) 33. Bxb5 Rg8 34. Bd3 Nh6 35. Rxg8+ Nxg8 36. Bxh7 Rxd5 37. Bxg8 Kxg8 38. Rxe7 {[%mdl 4096] Endgame KR-KR} Rd4 39. Re6 {Black must now prevent b3.} Kf7 40. Rxb6 Rxa4 41. Rc6 Rxf4 42. Rxc5 Rh4 (42... Ke6 $142 43. Rh5 Rf1+ 44. Kd2 f5) 43. Kd2 (43. c4 $1 $18 {and the rest is easy.}) 43... Rxh2+ (43... Ke6 $16 44. h3 Rxh3) 44. Kc3 Ke6 45. Rc6+ Ke5 46. b4 $1 {[%cal Bb2b4,Bb4b5,Bb5b6][%mdl 32]} f5 47. b5 Rh8 48. Kd3 Rh3+ 49. Kc4 f4 50. b6 Rh8 {intending ...f3.} 51. Rc7 Kd6 52. Rf7 (52. Kb5 $1 $16 Rf8 53. Rc4) 52... Rc8+ $2 {[%mdl 8192] [#]} (52... Kc6 $11) 53. Kb5 $1 {White mates.} Rxc2 54. Rxf4 Kd7 55. Rf8 Ra2 56. b7 Rb2+ 57. Ka6 Ra2+ 58. Kb6 Rb2+ 59. Ka7 Ra2+ {[#]} 60. Kb8 $1 Ra1 61. Rc8 Ra2 62. Rc4 Rd2 63. Ra4 {Accuracy: White = 71%, Black = 40%.} 1-0

[Event "11th LCC FIDE Open 2019"]
[Site "London"]
[Date "2019.12.03"]
[Round "6.11"]
[White "Zapolskis, Antanas"]
[Black "Pert, Richard G"]
[Result "0-1"]
[WhiteElo "2280"]
[BlackElo "2436"]
[Annotator "TA"]
[PlyCount "86"]
[EventDate "2019.11.29"]
[EventType "swiss"]
[EventCountry "ENG"]
[SourceTitle "playchess.com"]
[Source "ChessBase"]
[SourceQuality "1"]

{[%evp 9,86,44,25,-18,15,7,20,-26,19,0,5,10,0,0,0,0,0,0,3,0,0,-104,-70,-54,-48,-44,-65,-155,-129,-132,-141,-215,-250,-222,-238,-277,-275,-314,-298,-300,-275,-411,-410,-717,-718,-849,-854,-854,-831,-802,-824,-825,-817,-963,-755,-1585,-1549,-1327,-1316,-29989,-29974,-29972,-29973,-29979,-29980,-29982,-29980,-29979,-29981,-29981,-29982,-29981,-29983,-29980,-29977,-29978,-29977,-29965,-29952]} 1. e4 c6 2. d4 d5 3. e5 Bf5 4. h4 c5 5. dxc5 Nc6 6. Nf3 {B12: Caro-Kann: Advance Variation} Bg4 7. c3 e6 8. Bb5 {The position is equal.} Qc7 9. Be3 Nge7 10. Nbd2 Nf5 11. Bd4 Be7 12. Qa4 O-O $146 ({Predecessor:} 12... h5) 13. Bxc6 bxc6 14. Nh2 h5 15. f3 (15. Nxg4 $11 hxg4 16. g3) 15... Ng3 16. fxg4 {[#] aiming for 0-0-0.} Nxh1 17. O-O-O $1 Ng3 $36 {[%mdl 2048] Black is pushing.} 18. Ndf3 (18. gxh5 $15 Nxh5 19. Nhf3) 18... f5 19. gxh5 Ne4 20. Qc2 (20. Ng5 $17 {was worth a try.} Bxg5+ 21. hxg5) 20... Bxc5 $19 21. Bxc5 Nxc5 22. g4 Ne4 {Threatens to win with ...fxg4.} 23. g5 Rab8 24. Nf1 Qa5 25. a3 (25. Rd4 {was forced.}) 25... Rb6 {White must now prevent ...Rfb8.} 26. a4 (26. Rd4 $142 Qb5 27. N1d2) 26... c5 27. N3d2 Rfb8 28. Nxe4 Rxb2 29. Qxb2 Rxb2 30. Kxb2 fxe4 {[%mdl 4096] Endgame KQ-KRN} 31. Ne3 Qxa4 32. Ra1 Qb5+ 33. Kc1 d4 34. Nc2 d3 {Black mates.} 35. Ne3 Qb3 36. Rxa7 Qxc3+ {[%mdl 64] Double Attack} 37. Kd1 Qb3+ 38. Kc1 {[#]} d2+ $1 {[%mdl 64] Discovered Attack, Decoy} 39. Kxd2 Qd3+ 40. Kc1 Qxe3+ 41. Kb1 Qe1+ 42. Kc2 Qe2+ 43. Kc3 Qxh5 {Accuracy: White = 41%, Black = 73%.} 0-1